000 00582nam a2200229Ia 4500
003 OSt
005 20220928143714.0
006 a|||||r|||| 00| 0
007 ta
008 220927b |||||||| |||| 00| 0 eng d
024 _a22926
037 _cTextual
040 _aSDCL
_cSDCL
_beng
041 _2eng
_aeng
082 _aX:8D, M8
100 _aLevy Haim
_9454581
245 0 _aPrinciples of financial management
260 _c1988
700 _a Sarnat Marshall
_9467127
942 _hX:8D, M8
_cTEXL
_2CC
999 _c824881
_d824881